Becoming dragon/ (Record no. 595)

MARC details
000 -LEADER
fixed length control field 00477nam a2200181 a 4500
005 - DATE AND TIME OF LATEST TRANSACTION
control field 20260322212026.0
008 - FIXED-LENGTH DATA ELEMENTS--GENERAL INFORMATION
fixed length control field data
020 ## - INTERNATIONAL STANDARD BOOK NUMBER
International Standard Book Number 0473108046
020 ## - INTERNATIONAL STANDARD BOOK NUMBER
International Standard Book Number 9780473108045
092 ## - LOCALLY ASSIGNED DEWEY CALL NUMBER (OCLC)
Classification number 813.6 S8194 2006
001 - CONTROL NUMBER
control field data
100 1# - MAIN ENTRY--PERSONAL NAME
Personal name Steinberg, Frances E.
245 10 - TITLE STATEMENT
Title Becoming dragon/
Statement of responsibility, etc. Frances E. Steinberg & Richard G. Whiteside.
260 ## - PUBLICATION, DISTRIBUTION, ETC.
Place of publication, distribution, etc. Auckland, Australia ;
Name of publisher, distributor, etc. Phac Publications,
Date of publication, distribution, etc. 2006.
300 ## - PHYSICAL DESCRIPTION
Extent 143 p.
650 #2 - SUBJECT ADDED ENTRY--TOPICAL TERM
Topical term or geographic name entry element Psychotherapy
700 1# - ADDED ENTRY--PERSONAL NAME
Personal name Whiteside, Richard G.
Holdings
Withdrawn status Lost status Damaged status Not for loan Home library Current library Shelving location Date acquired Total checkouts Full call number Barcode Date last seen Price effective from Koha item type
        Pleasant Valley Pleasant Valley General stacks 22/03/2026   GEN BC0010610 22/03/2026 22/03/2026 Books